| 000 | 00608nam a2200157 a 4500 | ||
|---|---|---|---|
| 001 | 4140 | ||
| 005 | 20140414131941.0 | ||
| 008 | 090218s19uu xx 00 eng d | ||
| 050 |
_aTR 170 _bB88 2004 |
||
| 245 |
_aThe bumbletown detectives : _ba problem-solving book. |
||
| 260 |
_aAlexandria, Va. : _bTime-Life for Children, _cc1991. |
||
| 440 | _aTime-Life early learning program. | ||
| 520 | _aDame Edith and Sir Reginald decide to hire a detective to discover the thief at Mystery Manor, and the reader is encouraged to help with the clues. | ||
| 650 | _aMystery and detective stories. | ||
| 999 |
_c112600 _d112600 |
||